Shanghai Express /

Saved in:
書目詳細資料
其他作者: Dietrich, Marlene, Von Sternberg, Josef, Brook, Clive, Oland, Warner
格式: 幻燈片
語言:意大利语
出版: Milano : Avofilm, c1989
叢編:I classici del cinema
標簽: 添加標簽
沒有標簽, 成為第一個標記此記錄!

MARC

LEADER 00000ngm a22000007i 4500
001 IT\ICCU\UBO\3373129
003 ItRI
005 20260124182853.0
008 080213s1989 it |||||||||||||||k|||||c
028 4 2 |a 3240 
040 |b ita 
041 7 |a ita  |2 ISO-639-2 
245 0 0 |a Shanghai Express /  |c regia di Josef Van Stemberg. 
260 |a Milano :  |b Avofilm,  |c c1989 
300 |a 1 videocassetta (VHS) (ca. 80 min.) :  |b b/n, son 
500 |a Tit. del contenitore 
500 |a Film del 1932, prod. USA; interpreti: Marlene Dietrich, Clive Brook, Warner Oland. 
700 1 |a Dietrich, Marlene  |0 IT\ICCU\CFIV\066279 
700 1 |a Von Sternberg, Josef  |0 IT\ICCU\DDSV\327242 
700 1 |a Brook, Clive  |0 IT\ICCU\RAVV\088536 
700 1 |a Oland, Warner  |0 IT\ICCU\UBOV\224042 
790 1 |a Losch, Maria Magdalena  |3 IT\ICCU\SBNV\055349  |z Dietrich, Marlene 
790 1 |a Sternberg, Joseph : von  |3 IT\ICCU\RAVV\671684  |z Von Sternberg, Josef 
830 2 |a I classici del cinema  |0 IT\ICCU\UBO\3373136 
942 |2 ddc  |c VM  |n 0 
952 |0 0  |1 0  |4 0  |6 VO_265_000000000000000  |7 0  |9 27300  |a BO  |b BO  |d 2026-01-24  |i 6865  |l 0  |o VO 265  |p BO6865  |r 2026-01-24 18:28:53  |w 2026-01-24  |x [Sebina 5] [1 videocassetta]  |y VM  |z 1 videocassetta 
999 |c 23115  |d 23115